000 00423nam a2200181Ia 4500
001 10279
005 20260306161820.0
008 260306t2010||||xx |||||||||||||| ||spa||
041 _aESP
082 _a914.382
_bW992
100 _aZiemlewska, Anna
_eAUT
245 0 _aTorún:
_bunder angels wings
260 _c2010
300 _a96 páginas :
_c16 cm.
650 _aGEN
654 _aCHU
942 _cLIB
_dJUS
_fJUS
_2ddc
_n
999 _c10279
_d10279